000 00287nam a22001337a 4500
008 171227b xxu||||| |||| 00| 0 eng d
020 _a2901598638669
041 _aeng
080 _a004
100 _a30
101 _aSHKI
245 _aPro Tools
_cCourse Technology
942 _2udc
_cBK
999 _c39436
_d39436